Claims for offsite overheads in event of delay (Record no. 67175)

MARC details
000 -LEADER
fixed length control field 01284cam a2200289 4500
001 - CONTROL NUMBER
control field ABS63942
008 - FIXED-LENGTH DATA ELEMENTS--GENERAL INFORMATION
fixed length control field 000000n2001 000 0 eng u
035 ## - SYSTEM CONTROL NUMBER
System control number (Sirsi) u112846
100 ## - MAIN ENTRY--PERSONAL NAME
Personal name Brewer, G
245 ## - TITLE STATEMENT
Title Claims for offsite overheads in event of delay
260 ## - PUBLICATION, DISTRIBUTION, ETC.
Date of publication, distribution, etc. 2001
490 ## - SERIES STATEMENT
Series statement Contract Journal
Volume/sequential designation 408(6327) 16 May 2001, 26(1)
520 ## - SUMMARY, ETC.
Summary, etc. Examines case law involving contractor claims for overheads in the event of project delays, and considers the use of formulas to settle such claims. Discusses the recent Scottish case of "Beechwood Development Company (Scotland) v Stuart Mitchell", which addressed the issue of whether Beechwood was entitled to claim damages for overheads and profit loss using the Hudson formula.
590 ## - LOCAL NOTE (RLIN)
Local note ABS
650 ## - SUBJECT ADDED ENTRY--TOPICAL TERM
Topical term or geographic name entry element CONTRACTORS
650 ## - SUBJECT ADDED ENTRY--TOPICAL TERM
Topical term or geographic name entry element BEECHWOOD DEVELOPMENT COMPANY (SCOTLAND) V STUART MITCHELL T/A DISCOVERY LAND SURVEYS
650 ## - SUBJECT ADDED ENTRY--TOPICAL TERM
Topical term or geographic name entry element OVERHEADS
650 ## - SUBJECT ADDED ENTRY--TOPICAL TERM
Topical term or geographic name entry element SCOTTISH LAW
650 ## - SUBJECT ADDED ENTRY--TOPICAL TERM
Topical term or geographic name entry element ST MODWEN DEVELOPMENTS V BOWMER AND KIRKLAND
650 ## - SUBJECT ADDED ENTRY--TOPICAL TERM
Topical term or geographic name entry element AMEC BUILDING LTD V CADMUS INVESTMENTS
650 ## - SUBJECT ADDED ENTRY--TOPICAL TERM
Topical term or geographic name entry element ALFRED MCALPINE V PROPERTY AND LAND CONTRACTORS
650 ## - SUBJECT ADDED ENTRY--TOPICAL TERM
Topical term or geographic name entry element DELAYS
650 ## - SUBJECT ADDED ENTRY--TOPICAL TERM
Topical term or geographic name entry element HUDSON FORMULA
650 ## - SUBJECT ADDED ENTRY--TOPICAL TERM
Topical term or geographic name entry element CALCULATION OF LOSS
690 ## - LOCAL SUBJECT ADDED ENTRY--TOPICAL TERM (OCLC, RLIN)
Topical term or geographic name as entry element BUILT ENVIRONMENT-BUILDING CONTRACT FORMS
942 ## - ADDED ENTRY ELEMENTS (KOHA)
Suppress in OPAC 0
Holdings
Withdrawn status Lost status Source of classification or shelving scheme Damaged status Not for loan Home library Current library Shelving location Date acquired Total Checkouts Full call number Barcode Date last seen Copy number Price effective from Koha item type
    Dewey Decimal Classification     London London Journal article 30/05/2001   ABS63942 112846-1001 06/08/2019 1 06/08/2019 Journal article